[Event "XI Open A Primavera"]
[Site "Robecchetto con Induno ITA"]
[Date "2014.04.17"]
[Round "2"]
[White "Virgilio, Gianluca"]
[Black "Bianchi, Alberto"]
[WhiteElo "1787"]
[BlackElo "1935"]
[Result "0-1"]
[PlyCount "134"]
[EventDate "2014.04.10"]

1. d4 Nf6 2. Nf3 e6 3. e3 b6 4. Bd3 Bb7 5. Nbd2 d5 6. c3 Bd6 7. Qe2 Nbd7 8. e4
dxe4 9. Nxe4 Be7 10. O-O O-O 11. h3 Nxe4 12. Bxe4 Bxe4 13. Qxe4 Nf6 14. Qc6 Qd6
15. Ne5 Nd5 16. Bd2 Bf6 17. Qxd6 cxd6 18. Ng4 Rfc8 19. Nxf6+ Nxf6 20. Bf4 Rc6
21. Rfc1 Rac8 22. a3 Nd5 23. Bd2 h6 24. Rc2 Nf6 25. Rac1 b5 26. Bf4 a5 27. Bd2
d5 28. c4 dxc4 29. Bxa5 Nd5 30. Bd2 g5 31. g3 Kg7 32. Kg2 Kg6 33. Kf3 f5 34.
Re1 Rd8 35. Ba5 Rf8 36. Rce2 Kf6 37. Rc2 Ke7 38. Rec1 Kd7 39. Bd2 Ra8 40. Ke2
Nf6 41. f3 Re8 42. Bc3 Nd5 43. Kf2 f4 44. gxf4 Nxf4 45. Ke3 Rf8 46. Rh2 Nd5+
47. Ke2 Rf4 48. h4 g4 49. fxg4 Rxg4 50. Rf1 Rc8 51. Rf7+ Kc6 52. Rh7 Rg6 53.
Bd2 Rcg8 54. Rxh6 Rg2+ 55. Rxg2 Rxg2+ 56. Ke1 Kd6 57. h5 Ne7 58. Bb4+ Kd5 59.
Bxe7 Rxb2 60. Bb4 Rh2 61. Bc5 c3 62. Kd1 Kc4 63. Rxe6 Kd3 64. Re1 Ra2 65. Re3+
Kxe3 66. d5+ Kd3 67. Ke1 c2 0-1

[Event "XI Open A Primavera"]
[Site "Robecchetto con Induno ITA"]
[Date "2014.04.24"]
[Round "3"]
[White "Barrera, Pietro"]
[Black "Virgilio, Gianluca"]
[WhiteElo "1925"]
[BlackElo "1787"]
[Result "1-0"]
[PlyCount "77"]
[EventDate "2014.04.10"]

1. e4 c5 2. Nc3 g6 3. f4 Bg7 4. Nf3 Nc6 5. Bb5 e6 6. Bxc6 bxc6 7. O-O Ne7 8. d3
d5 9. Qe1 Rb8 10. Qg3 Ba6 11. Re1 O-O 12. Qh4 Nc8 13. Qf2 Qe7 14. exd5 Bxc3 15.
bxc3 cxd5 16. Ba3 Nd6 17. Bxc5 Rb2 18. Ba3 Rb5 19. Nd4 Rb7 20. Rab1 Rc8 21.
Rxb7 Bxb7 22. Rb1 Ba6 23. Qe1 Qd7 24. Qe5 Nb7 25. Bb4 Qc7 26. Re1 Qxe5 27. Rxe5
Nc5 28. g4 Nd7 29. Re1 Kg7 30. a4 Nb6 31. f5 Nxa4 32. fxe6 fxe6 33. Rxe6 Nb6
34. Re7+ Kh6 35. Rxa7 Ra8 36. Rxa8 Nxa8 37. h4 g5 38. h5 Bc8 39. Bf8# 1-0

[Event "XI Open A Primavera"]
[Site "Robecchetto con Induno ITA"]
[Date "2014.04.24"]
[Round "3"]
[White "Bianchi, Alberto"]
[Black "Novi', Giuseppe"]
[WhiteElo "1935"]
[BlackElo "1802"]
[Result "0-1"]
[PlyCount "88"]
[EventDate "2014.04.10"]

1. e4 c6 2. Nf3 d5 3. Nc3 Bg4 4. exd5 cxd5 5. Bb5+ Nc6 6. O-O e6 7. h3 Bh5 8.
d4 Nf6 9. Qd3 Bxf3 10. Qxf3 Be7 11. Be3 O-O 12. Rfc1 Rc8 13. Bf1 Na5 14. Nd1
Ne4 15. c4 Bg5 16. cxd5 Rxc1 17. Rxc1 Bxe3 18. Nxe3 exd5 19. Qf5 Nf6 20. Be2
Nc6 21. Qd3 Qb6 22. Rd1 Qxb2 23. Rb1 Qxd4 24. Qb5 Qe4 25. Bf3 Qg6 26. Qxb7 Nd4
27. Bd1 Rd8 28. Rc1 Ne6 29. Qxa7 d4 30. Ng4 Nxg4 31. Bxg4 d3 32. Rd1 h5 33. Bf3
Ng5 34. Qe3 Nxh3+ 35. Kf1 Ng5 36. Qe7 Rd6 37. Bxh5 Qxh5 38. Rxd3 Qh1+ 39. Ke2
Re6+ 40. Qxe6 Nxe6 41. g3 Qe4+ 42. Kd2 Qa4 43. a3 Nc5 44. Re3 Qd4+ 0-1

[Event "XI Open A Primavera"]
[Site "Robecchetto con Induno ITA"]
[Date "2014.04.28"]
[Round "3"]
[White "Buonasorte, Roberto"]
[Black "Rutigliano, Cesare"]
[WhiteElo "1609"]
[BlackElo "1657"]
[Result "1-0"]
[PlyCount "89"]
[EventDate "2014.04.10"]

1. e4 c5 2. Nf3 e6 3. d4 cxd4 4. Nxd4 a6 5. Nc3 Qc7 6. Qd3 Nf6 7. Bg5 Ng4 8. h3
Ne5 9. Qd2 Nc4 10. Bxc4 Qxc4 11. Qd3 Qc7 12. O-O b5 13. a3 Bb7 14. Nce2 Qe5 15.
Qe3 Qxe4 16. f3 Qxe3+ 17. Bxe3 Bc5 18. b4 Ba7 19. Kf2 O-O 20. Rac1 e5 21. Nf5
Bxe3+ 22. Kxe3 Bd5 23. Ne7+ Kh8 24. Nxd5 Nc6 25. Nb6 Ra7 26. Rfd1 Rd8 27. Rd6
Rb7 28. Nd5 f6 29. c4 bxc4 30. Rxc4 a5 31. Rcxc6 axb4 32. Nxb4 Ra8 33. Ra6 Rc8
34. Nd5 Rb3+ 35. Kf2 h6 36. Ra7 Rc2 37. Nb4 Rc8 38. Rdxd7 g5 39. Rh7+ Kg8 40.
Rxh6 Rb2 41. Rxf6 Rd8 42. Rg6+ Kf8 43. Rxg5 Rbd2 44. Rf5+ Kg8 45. Rxe5 1-0

[Event "XI Open A Primavera"]
[Site "Robecchetto con Induno ITA"]
[Date "2014.04.24"]
[Round "3"]
[White "Cervini, Gian Piero"]
[Black "Moroni, Luca"]
[WhiteElo "1806"]
[BlackElo "1862"]
[Result "1/2-1/2"]
[PlyCount "177"]
[EventDate "2014.04.10"]

1. e4 c5 2. c3 d5 3. exd5 Qxd5 4. Nf3 Nf6 5. d4 cxd4 6. cxd4 e6 7. Nc3 Qd8 8.
Bc4 Be7 9. O-O O-O 10. Qe2 Nbd7 11. Rd1 Nb6 12. Bd3 Nbd5 13. Bg5 a6 14. Ne4 h6
15. Nxf6+ Nxf6 16. Bxf6 Bxf6 17. Qe4 g6 18. Ne5 Qd5 19. Qe3 Bg7 20. Bc4 Qd8 21.
a4 Qe7 22. Rd2 Bd7 23. a5 Rac8 24. Qb3 Bxe5 25. dxe5 Bc6 26. Rad1 Qg5 27. Qg3
Qxg3 28. hxg3 Rc7 29. b3 Rfc8 30. f4 Kg7 31. Kf2 Be4 32. g4 Rc5 33. Rd7 Bc6 34.
Rd8 Rxd8 35. Rxd8 Rxa5 36. Rc8 Bd5 37. b4 Ra4 38. Bxd5 exd5 39. Rc7 Rxb4 40. e6
Rxf4+ 41. Kg3 Re4 42. Rxf7+ Kg8 43. Rf6 a5 44. Rxg6+ Kf8 45. Rxh6 a4 46. Kh4 a3
47. Kg5 a2 48. Rh8+ Ke7 49. Ra8 Re2 50. Kf5 Rxg2 51. Ra7 Kd6 52. e7 Rf2+ 53.
Kg6 Kxe7 54. Rxb7+ Ke6 55. Ra7 d4 56. g5 d3 57. Kg7 Rg2 58. g6 d2 59. Ra6+ Kd7
60. Rxa2 Rxg6+ 61. Kxg6 d1=Q 62. Ra7+ Ke6 63. Ra6+ Ke5 64. Ra5+ Kf4 65. Rf5+
Ke4 66. Kg5 Qd2+ 67. Kg6 Qd6+ 68. Kg5 Qe7+ 69. Kg6 Qe6+ 70. Rf6 Qg8+ 71. Kh6
Ke5 72. Rg6 Qf7 73. Rg5+ Kf6 74. Rg3 Qf8+ 75. Kh7 Qe7+ 76. Kh6 Qe4 77. Kh5 Qh1+
78. Kg4 Qe4+ 79. Kh5 Qf4 80. Rg6+ Kf7 81. Rg7+ Kf8 82. Rg4 Qf3 83. Kg5 Kg7 84.
Kh4+ Kh6 85. Rg6+ Kh7 86. Rg4 Qf2+ 87. Kg5 Kg7 88. Kh5+ Kf7 89. Rf4+ 1/2-1/2

[Event "XI Open A Primavera"]
[Site "Robecchetto con Induno ITA"]
[Date "2014.04.24"]
[Round "3"]
[White "De Regibus, Giuseppe"]
[Black "De Paoli, Nicola"]
[WhiteElo "1620"]
[BlackElo "1386"]
[Result "1-0"]
[PlyCount "85"]
[EventDate "2014.04.10"]

1. d4 Nf6 2. Bg5 d6 3. Bxf6 gxf6 4. e4 e5 5. Nf3 Nc6 6. d5 Ne7 7. Nbd2 Bd7 8.
Be2 Ng6 9. g3 Bh6 10. c4 O-O 11. h4 c6 12. Nh2 cxd5 13. cxd5 Rc8 14. Ng4 Bg7
15. h5 Ne7 16. Rc1 Rxc1 17. Qxc1 f5 18. Ne3 fxe4 19. Nxe4 Nf5 20. g4 Nxe3 21.
Qxe3 Qb6 22. Qd2 f5 23. gxf5 Bxf5 24. Bd3 Bxe4 25. Bxe4 Rf4 26. f3 Qd8 27. h6
Rh4 28. Rg1 Rxh6 29. Qxh6 Qa5+ 30. Qd2 Qd8 31. Rh1 h6 32. Rg1 Qf6 33. Rg6 Qh4+
34. Kd1 Kf7 35. Qg2 Bf6 36. Rg4 Qxg4 37. Qxg4 Bg5 38. Qe6+ Kg7 39. Qxd6 b6 40.
Qxe5+ Kf7 41. f4 Bf6 42. Qc7+ Be7 43. d6 1-0

[Event "XI Open A Primavera"]
[Site "Robecchetto con Induno ITA"]
[Date "2014.04.24"]
[Round "3"]
[White "Griffini, Andrea"]
[Black "Cecchini, Massimo S."]
[WhiteElo "1797"]
[BlackElo "1749"]
[Result "0-1"]
[PlyCount "130"]
[EventDate "2014.04.10"]

1. e4 c6 2. d4 d5 3. e5 Bf5 4. c4 e6 5. Nc3 Nd7 6. c5 b6 7. cxb6 axb6 8. Nge2
Bb4 9. Ng3 Bg6 10. Nh5 Bxh5 11. Qxh5 Ne7 12. Bg5 c5 13. Bb5 cxd4 14. Qh4 Bc5
15. Na4 O-O 16. Nxc5 bxc5 17. Bxd7 Qxd7 18. Bxe7 Rfc8 19. O-O Qb5 20. b3 Qe2
21. Rfe1 Rxa2 22. Bxc5 Rxa1 23. Rxa1 d3 24. Be3 d2 25. Bxd2 Qxd2 26. h3 Qb2 27.
Qa4 h6 28. Re1 Qd2 29. Ra1 Rb8 30. Rb1 Qc2 31. Ra1 Qxb3 32. Qd7 Qb7 33. Qd6 Kh7
34. Rc1 Rc8 35. Ra1 Rc6 36. Qf8 Qc8 37. Qa3 Rc3 38. Qb2 Qc5 39. Kh2 Rc2 40. Qb3
Qxf2 41. Qd3+ g6 42. Rg1 Re2 43. Qc3 Qf4+ 44. Kh1 Qxe5 45. Qf3 Kg7 46. Rf1 f5
47. Qa3 Qc7 48. Rc1 Qb7 49. Qd6 Kf6 50. Qd8+ Qe7 51. Qh8+ Kg5 52. Qd4 Re4 53.
Qd2+ f4 54. Rf1 Qd6 55. Qd1 h5 56. h4+ Kh6 57. Qa1 Qe5 58. Qa8 Qf6 59. g3 f3
60. Kh2 Re2+ 61. Kh1 f2 62. Kg2 d4 63. g4 hxg4 64. Qa3 Re3 65. Qc1 Qf3+ 0-1

[Event "XI Open A Primavera"]
[Site "Robecchetto con Induno ITA"]
[Date "2014.04.24"]
[Round "3"]
[White "Libutti, Michele"]
[Black "Testa, Loris"]
[WhiteElo "1745"]
[BlackElo "1930"]
[Result "1-0"]
[PlyCount "89"]
[EventDate "2014.04.10"]

1. d4 f5 2. c4 Nf6 3. g3 g6 4. Bg2 Bg7 5. Nc3 d6 6. Nf3 O-O 7. O-O Qe8 8. Bg5
c6 9. Re1 Qf7 10. d5 h6 11. Bxf6 Qxf6 12. e3 c5 13. Qd2 Nd7 14. Rab1 Nb6 15.
Qe2 e5 16. e4 f4 17. Rf1 g5 18. h3 h5 19. Nh2 Qg6 20. b3 g4 21. hxg4 hxg4 22.
f3 gxf3 23. Rxf3 fxg3 24. Rxf8+ Kxf8 25. Rf1+ Ke7 26. Nf3 Bg4 27. Nh4 Qg5 28.
Nf5+ Kd7 29. Qe3 Qxe3+ 30. Nxe3 Bh5 31. Bh3+ Kc7 32. Nb5+ Kd8 33. Nxd6 Kc7 34.
Nb5+ Kd8 35. Nd6 Bh6 36. Nef5 Bf4 37. Nxb7+ Kc7 38. Nxc5 Rh8 39. Ne6+ Kd7 40.
c5 Nc8 41. Nxf4 exf4 42. Ng7+ Ke7 43. Nxh5 Rxh5 44. Bxc8 Rh4 45. Bf5 1-0

[Event "XI Open A Primavera"]
[Site "Robecchetto con Induno ITA"]
[Date "2014.04.24"]
[Round "3"]
[White "Melino, Gianluca"]
[Black "Madaschi, Sergio"]
[WhiteElo "1767"]
[BlackElo "1528"]
[Result "1-0"]
[PlyCount "53"]
[EventDate "2014.04.10"]

1. d4 d5 2. Nf3 c6 3. g3 Nf6 4. Bg2 e6 5. O-O Nbd7 6. c4 dxc4 7. Qc2 b5 8. Ne5
Nxe5 9. dxe5 Nd5 10. Rd1 Qc7 11. a4 Bb7 12. b3 cxb3 13. Qxb3 a6 14. Bb2 Be7 15.
Nd2 O-O 16. Rac1 Qa5 17. axb5 cxb5 18. Ne4 Rac8 19. Nd6 Bxd6 20. exd6 Rfd8 21.
e4 Nf6 22. Bxf6 gxf6 23. Qf3 f5 24. Qf4 fxe4 25. Rc7 Qxc7 26. dxc7 Rxd1+ 27.
Bf1 1-0

[Event "XI Open A Primavera"]
[Site "Robecchetto con Induno ITA"]
[Date "2014.04.24"]
[Round "3"]
[White "Pappalardo, Antonio"]
[Black "Vada, Riccardo"]
[WhiteElo "1783"]
[BlackElo "1653"]
[Result "0-1"]
[PlyCount "54"]
[EventDate "2014.04.10"]

1. d4 d5 2. c4 e6 3. Nc3 Nf6 4. Bg5 Be7 5. e3 O-O 6. Nf3 Nbd7 7. Rc1 c6 8. Bd3
dxc4 9. Bxc4 b5 10. Bd3 Bb7 11. O-O Rc8 12. Qe2 h6 13. Bh4 a6 14. Rfd1 Qc7 15.
e4 e5 16. Bxf6 Bxf6 17. Nd5 Qd6 18. Nxf6+ Qxf6 19. dxe5 Nxe5 20. Nxe5 Qxe5 21.
b4 c5 22. bxc5 Rxc5 23. Rxc5 Qxc5 24. Qc2 Qe5 25. f3 Rc8 26. Qb1 Rc3 27. Bc2
Qc5+ 0-1

[Event "XI Open A Primavera"]
[Site "Robecchetto con Induno ITA"]
[Date "2014.04.28"]
[Round "3"]
[White "Ragoso, Mario"]
[Black "Serrao, Piergiorgio"]
[WhiteElo "1644"]
[BlackElo "1605"]
[Result "0-1"]
[PlyCount "74"]
[EventDate "2014.04.10"]

1. e4 e6 2. d4 d5 3. e5 c5 4. c3 Nc6 5. Ne2 Qb6 6. Na3 cxd4 7. cxd4 Bd7 8. Nc2
Nb4 9. Nxb4 Bxb4+ 10. Bd2 Ne7 11. g3 Nf5 12. Bc3 Bxc3+ 13. bxc3 Bb5 14. Rb1 Qc6
15. Qb3 Ba6 16. Qa3 Rc8 17. Kd2 Rc7 18. Bh3 Bxe2 19. Bxf5 Bf3 20. Rhc1 exf5 21.
c4 dxc4 22. Rb3 Bd5 23. Qxa7 O-O 24. Rb6 c3+ 25. Ke3 Qc4 26. a3 c2 27. Qa5 Qc3+
28. Qxc3 Rxc3+ 29. Kd2 Rfc8 30. a4 Be4 31. Rd6 Kf8 32. Rb6 Ra3 33. Rb4 Ra2 34.
Ke3 Rc3+ 35. Kf4 Rf3+ 36. Kg5 Rxf2 37. Rc4 h6+ 0-1

[Event "XI Open A Primavera"]
[Site "Robecchetto con Induno ITA"]
[Date "2014.04.24"]
[Round "3"]
[White "Rossi, Emanuele"]
[Black "Pizzolato, Roberto"]
[WhiteElo "1630"]
[BlackElo "1745"]
[Result "0-1"]
[PlyCount "66"]
[EventDate "2014.04.10"]

1. e4 e5 2. Nf3 Nc6 3. Bc4 Bc5 4. b4 Bxb4 5. c3 Ba5 6. O-O Nf6 7. Qb3 O-O 8. d3
h6 9. Bd5 d6 10. Na3 Nxd5 11. exd5 Ne7 12. Nc4 Bb6 13. Nxb6 axb6 14. c4 Bg4 15.
Nd2 f5 16. Bb2 Ng6 17. f3 Bh5 18. Rae1 Qg5 19. Rf2 Nf4 20. Kh1 Rae8 21. Qc3 Bg6
22. g3 Nh5 23. Rg1 Qe3 24. Rfg2 Nf6 25. Rf1 e4 26. fxe4 fxe4 27. dxe4 Qxc3 28.
Bxc3 Nxe4 29. Rxf8+ Rxf8 30. Nb1 Nf2+ 31. Rxf2 Rxf2 32. Kg1 Rc2 33. Bd2 Rxa2
0-1

[Event "XI Open A Primavera"]
[Site "Robecchetto con Induno ITA"]
[Date "2014.04.24"]
[Round "3"]
[White "Ruggeri, Igor"]
[Black "Giusti, Francesco"]
[WhiteElo "1622"]
[BlackElo "1592"]
[Result "0-1"]
[PlyCount "58"]
[EventDate "2014.04.10"]

1. d4 g6 2. c4 e6 3. Nc3 Bg7 4. e4 Ne7 5. Bg5 h6 6. Bh4 g5 7. Bg3 c6 8. Nge2 d5
9. cxd5 exd5 10. f3 dxe4 11. fxe4 Bg4 12. Bf2 O-O 13. g3 Bf3 14. Rg1 Qb6 15.
Rb1 Rd8 16. Qd3 Bh5 17. Bg2 Na6 18. Na4 Qb4+ 19. Nec3 Bxd4 20. Bxd4 Rxd4 21.
Qe3 Rad8 22. a3 Qd6 23. e5 Qe6 24. b4 Rd3 25. Qxa7 Qxe5+ 26. Ne4 Rd1+ 27. Rxd1
Rxd1+ 28. Kf2 Qf5+ 29. Ke3 Nd5# 0-1

[Event "XI Open A Primavera"]
[Site "Robecchetto con Induno ITA"]
[Date "2014.04.24"]
[Round "3"]
[White "Santarelli, Sabatino"]
[Black "Macchiettini, Pierangelo"]
[WhiteElo "1652"]
[BlackElo "1685"]
[Result "0-1"]
[PlyCount "120"]
[EventDate "2014.04.10"]

1. c4 c5 2. g3 Nf6 3. Bg2 d6 4. Nc3 e6 5. Nf3 Be7 6. O-O a6 7. d4 cxd4 8. Nxd4
Nbd7 9. b3 Qc7 10. Bb2 Rb8 11. Rc1 b6 12. Nf3 Bb7 13. Qd2 O-O 14. h3 Rfd8 15.
Rfd1 Nc5 16. Qf4 Nh5 17. Qg4 Nf6 18. Qf4 Nh5 19. Qd2 Nf6 20. Qe3 Bc6 21. Nd4
Bxg2 22. Kxg2 Qb7+ 23. Qf3 Qxf3+ 24. Kxf3 Rdc8 25. b4 Ncd7 26. Ne4 Ne5+ 27. Ke3
Nxc4+ 28. Rxc4 Rxc4 29. Nxf6+ Bxf6 30. a3 d5 31. h4 Rbc8 32. f4 b5 33. Kf3 Bxd4
34. Bxd4 Rc2 35. Bc5 R8xc5 36. bxc5 Rxc5 37. Rd3 Rc4 38. e3 Kf8 39. g4 Ke7 40.
g5 g6 41. Kg4 Kd6 42. h5 a5 43. hxg6 hxg6 44. Kf3 b4 45. axb4 axb4 46. Ke2 Kc5
47. Kd2 Kb5 48. Rb3 d4 49. exd4 Rxd4+ 50. Ke3 Rc4 51. Rb1 Rc3+ 52. Kd4 Rc4+ 53.
Ke5 Rc5+ 54. Kd4 Rf5 55. Ke4 Ka4 56. Ra1+ Kb3 57. Rb1+ Ka3 58. Rf1 b3 59. Rf3
Ka2 60. Rf1 b2 0-1

[Event "XI Open A Primavera"]
[Site "Robecchetto con Induno ITA"]
[Date "2014.04.28"]
[Round "3"]
[White "Torretta, Gilberto"]
[Black "Trenti, Alessandro"]
[WhiteElo "1651"]
[BlackElo "1780"]
[Result "0-1"]
[PlyCount "40"]
[EventDate "2014.04.10"]

1. e4 c6 2. d4 d5 3. exd5 cxd5 4. c4 Nf6 5. Nc3 e6 6. c5 Nc6 7. Bf4 a6 8. Na4
Qa5+ 9. Bd2 Qc7 10. Nf3 e5 11. Nb6 Ra7 12. dxe5 Nxe5 13. Qe2 Ne4 14. Nxd5 Nxf3+
15. gxf3 Qxc5 16. Qxe4+ Be6 17. Be3 Qxd5 18. Qxd5 Bxd5 19. Bxa7 Bxf3 20. Rg1
Bb4# 0-1

[Event "XI Open A Primavera"]
[Site "Robecchetto con Induno ITA"]
[Date "2014.05.08"]
[Round "4"]
[White "Cecchini, Massimo S."]
[Black "Cervini, Gian Piero"]
[WhiteElo "1749"]
[BlackElo "1806"]
[Result "1-0"]
[PlyCount "113"]
[EventDate "2014.04.10"]

1. Nf3 Nf6 2. b3 g6 3. Bb2 Bg7 4. c4 d6 5. g3 e5 6. d3 Nc6 7. Bg2 Be6 8. Nc3
Qc8 9. h3 Nh5 10. Ng5 Bd7 11. Nd5 O-O 12. b4 Re8 13. e3 f5 14. O-O h6 15. Nf3
Ne7 16. Nh4 Kh7 17. Kh2 c6 18. Nc3 f4 19. exf4 exf4 20. g4 Nf6 21. Qd2 g5 22.
Nf3 Ng6 23. Rae1 Qc7 24. Qc2 a5 25. a3 axb4 26. axb4 Qb6 27. Qb3 Bxg4 28. Rxe8
Rxe8 29. hxg4 Nxg4+ 30. Kg1 N6e5 31. Ne4 d5 32. Nxe5 Bxe5 33. Bxe5 Rxe5 34. Nd2
Re1 35. c5 Rxf1+ 36. Bxf1 Qc7 37. d4 Qe7 38. Qd3+ Kg7 39. Qf5 Nxf2 40. Qe5+
Qxe5 41. dxe5 Ng4 42. Nf3 Ne3 43. Bd3 Kf7 44. Nd4 g4 45. Kf2 h5 46. b5 h4 47.
bxc6 bxc6 48. Nxc6 h3 49. Kg1 g3 50. Be2 Nc4 51. Bg4 h2+ 52. Kh1 Ne3 53. e6+
Kf8 54. e7+ Kg7 55. e8=Q Nxg4 56. Qd7+ Kf6 57. Qxg4 1-0

[Event "XI Open A Primavera"]
[Site "Robecchetto con Induno ITA"]
[Date "2014.05.08"]
[Round "4"]
[White "De Paoli, Nicola"]
[Black "Ragoso, Mario"]
[WhiteElo "1386"]
[BlackElo "1644"]
[Result "1/2-1/2"]
[PlyCount "156"]
[EventDate "2014.04.10"]

1. d4 Nf6 2. c4 g6 3. Nc3 Bg7 4. e4 d6 5. f3 O-O 6. Nge2 e5 7. dxe5 dxe5 8.
Qxd8 Rxd8 9. Bg5 Be6 10. Nd5 Bxd5 11. cxd5 Rd6 12. Nc3 a6 13. a4 Nbd7 14. Bc4
h6 15. Be3 Nh5 16. g3 Ndf6 17. a5 Nd7 18. O-O g5 19. b4 Rd8 20. b5 Nb8 21. Na4
axb5 22. Bxb5 c6 23. Nc5 cxb5 24. Nxb7 Na6 25. Nxd6 Rxd6 26. Rfc1 Nf6 27. Rc8+
Kh7 28. Bb6 Nd7 29. Rc6 Bf8 30. Rxd6 Bxd6 31. Bd8 Ndc5 32. Rc1 b4 33. Bb6 Kg7
34. Kf1 b3 35. Ke2 Na4 36. Rg1 Bb4 37. f4 b2 38. Kf3 Nc3 39. fxe5 b1=Q 40. Rxb1
Nxb1 41. d6 Nd2+ 42. Kg4 Nxe4 43. d7 Be7 44. Kf5 Nec5 45. d8=Q Bxd8 46. Bxd8
Nd7 47. e6 fxe6+ 48. Kxe6 Nac5+ 49. Kd5 Kg6 50. Bb6 Na4 51. Kc6 Nb8+ 52. Kb7
Nxb6 53. Kxb8 Nd7+ 54. Kc7 Nc5 55. Kc6 Na6 56. Kb6 Nb4 57. Kb5 Nd5 58. Kc5 Nc7
59. Kb6 Nd5+ 60. Ka6 g4 61. Kb5 Kf6 62. Kc5 Ke6 63. a6 Nc7 64. a7 Kd7 65. Kb6
Kc8 66. Kc6 Na8 67. Kd6 Kb7 68. Ke5 Nc7 69. Kf5 Kxa7 70. Kxg4 Kb7 71. Kh5 Kc6
72. Kxh6 Kd6 73. g4 Ke6 74. g5 Ne8 75. Kg6 Nd6 76. h4 Ne4 77. h5 Nxg5 78. Kxg5
Kf7 1/2-1/2

[Event "XI Open A Primavera"]
[Site "Robecchetto con Induno ITA"]
[Date "2014.05.08"]
[Round "4"]
[White "Giusti, Francesco"]
[Black "Pappalardo, Antonio"]
[WhiteElo "1592"]
[BlackElo "1783"]
[Result "1-0"]
[PlyCount "69"]
[EventDate "2014.04.10"]

1. e4 c5 2. Nf3 g6 3. d4 cxd4 4. Qxd4 Nf6 5. e5 Nc6 6. Qc3 Nd5 7. Qd2 Nb6 8. a4
a5 9. Bb5 Bg7 10. Bxc6 bxc6 11. O-O O-O 12. Re1 Qc7 13. b3 Bb7 14. Nc3 Rfc8 15.
Ba3 Qd8 16. Ne4 Rcb8 17. Rad1 Bc8 18. Qg5 f6 19. exf6 exf6 20. Qg3 d5 21. Nd6
Bd7 22. c4 Nc8 23. Nxc8 Qxc8 24. Nd4 dxc4 25. bxc4 Rb7 26. Be7 Be8 27. Qh4 f5
28. Ne6 Rd7 29. Nxg7 Rxd1 30. Rxd1 Kxg7 31. Qf6+ Kh6 32. Bf8+ Kh5 33. Rd3 g5
34. Rh3+ Kg4 35. f3+ 1-0

[Event "XI Open A Primavera"]
[Site "Robecchetto con Induno ITA"]
[Date "2014.05.08"]
[Round "4"]
[White "Madaschi, Sergio"]
[Black "Torretta, Gilberto"]
[WhiteElo "1528"]
[BlackElo "1651"]
[Result "1/2-1/2"]
[PlyCount "68"]
[EventDate "2014.04.10"]

1. e4 g6 2. d4 Bg7 3. Nf3 c5 4. c3 cxd4 5. cxd4 d6 6. Nc3 Nc6 7. Bb5 Bd7 8. O-O
Nh6 9. h3 Qc8 10. Kh2 a6 11. Ba4 b5 12. Bb3 f5 13. Re1 fxe4 14. Nxe4 Nf5 15.
Bd5 Kd8 16. Neg5 Kc7 17. Ne6+ Kb8 18. Nxg7 Nxg7 19. Bxc6 Bxc6 20. Rxe7 Nf5 21.
Re1 Ra7 22. d5 Ba8 23. Bf4 Rf7 24. Re6 Qc5 25. Qe1 Qxd5 26. Rd1 Qc6 27. Bxd6+
Nxd6 28. Rexd6 Qc7 29. Qd2 Rd8 30. Ne5 Rxd6 31. Qxd6 Qxd6 32. Rxd6 Rxf2 33.
Rd8+ Kb7 34. Nd3 Rc2 1/2-1/2

[Event "XI Open A Primavera"]
[Site "Robecchetto con Induno ITA"]
[Date "2014.05.08"]
[Round "4"]
[White "Moroni, Luca"]
[Black "Libutti, Michele"]
[WhiteElo "1862"]
[BlackElo "1745"]
[Result "1-0"]
[PlyCount "113"]
[EventDate "2014.04.10"]

1. d4 Nf6 2. Nf3 d5 3. Bf4 e6 4. c3 Bd6 5. Bxd6 Qxd6 6. e3 O-O 7. Bd3 Nc6 8.
O-O e5 9. dxe5 Nxe5 10. Nxe5 Qxe5 11. Nd2 Bg4 12. Be2 Bf5 13. Nf3 Qe7 14. Qd4
c5 15. Qf4 Be4 16. Rad1 Rfd8 17. Bd3 Rd6 18. Rd2 Rad8 19. Rfd1 h6 20. h3 a6 21.
Bb1 Bxb1 22. Rxb1 Qe4 23. Rbd1 Qxf4 24. exf4 Ne4 25. Re2 b5 26. Nd2 f5 27. Nf3
d4 28. cxd4 cxd4 29. Rc2 d3 30. Rc7 d2 31. Ne5 Re6 32. g3 Kf8 33. Kg2 Rd5 34.
Rc2 Red6 35. f3 Rc5 36. Rxc5 Nxc5 37. Kf2 Nd3+ 38. Nxd3 Rxd3 39. Ke2 Rd6 40.
Rxd2 Ke7 41. Rc2 Kd7 42. g4 g6 43. Rc5 Ke6 44. Ke3 Rd5 45. Rc6+ Rd6 46. Rc3 Rd1
47. Rc6+ Rd6 48. Rxd6+ Kxd6 49. Kd4 a5 50. b3 h5 51. a3 h4 52. b4 axb4 53. axb4
Kc6 54. Ke5 fxg4 55. fxg4 Kd7 56. f5 gxf5 57. Kxf5 1-0

[Event "XI Open A Primavera"]
[Site "Robecchetto con Induno ITA"]
[Date "2014.05.08"]
[Round "4"]
[White "Novi', Giuseppe"]
[Black "Barrera, Pietro"]
[WhiteElo "1802"]
[BlackElo "1925"]
[Result "1-0"]
[PlyCount "85"]
[EventDate "2014.04.10"]

1. e4 c5 2. Nf3 Nc6 3. d4 cxd4 4. Nxd4 Nf6 5. Nc3 g6 6. Bc4 Bg7 7. Be3 O-O 8.
a3 d6 9. O-O Bd7 10. f3 a6 11. Bb3 b5 12. Re1 Qc7 13. Rc1 Na5 14. Nd5 Nxd5 15.
Bxd5 Rac8 16. c3 Nc4 17. Bxc4 bxc4 18. Nc2 Ba4 19. Qd2 a5 20. Bh6 Rb8 21. Bxg7
Kxg7 22. Ne3 Rfc8 23. Rb1 e6 24. Ng4 Qc5+ 25. Kh1 g5 26. e5 h6 27. Re4 Bc6 28.
Ree1 Rd8 29. Qe2 dxe5 30. Nxe5 Bd5 31. Ng4 f6 32. Ne3 e5 33. Nf5+ Kg6 34. Qc2
e4 35. fxe4 Be6 36. Nd4 Rxd4 37. cxd4 Qxd4 38. Rf1 Qe5 39. Rf2 Rb3 40. Rbf1 Kg7
41. Rxf6 Re3 42. Qf2 Rxe4 43. Qa7+ 1-0

[Event "XI Open A Primavera"]
[Site "Robecchetto con Induno ITA"]
[Date "2014.05.08"]
[Round "4"]
[White "Pizzolato, Roberto"]
[Black "Buonasorte, Roberto"]
[WhiteElo "1745"]
[BlackElo "1609"]
[Result "1-0"]
[PlyCount "109"]
[EventDate "2014.04.10"]

1. e4 e6 2. d4 d5 3. e5 c5 4. c3 Nc6 5. Nf3 Qb6 6. a3 c4 7. g3 Bd7 8. Bh3 Na5
9. Nbd2 Nb3 10. Nxb3 Ba4 11. O-O Bxb3 12. Qe2 Ne7 13. Ng5 Nf5 14. Bxf5 exf5 15.
Qf3 h6 16. Nh3 Bc2 17. Qxd5 Bd3 18. Re1 Rd8 19. Qf3 Be4 20. Qe2 Qc6 21. f4 Be7
22. Nf2 Bd5 23. Be3 O-O 24. Nd1 b5 25. Bd2 Ra8 26. Ne3 Be4 27. Kf2 a5 28. Qh5
Qg6 29. Qxg6 fxg6 30. d5 Bc5 31. d6 Kf7 32. h3 Ke6 33. Kf1 Bd3+ 34. Kg2 Be4+
35. Kh2 g5 36. a4 gxf4 37. gxf4 Rfb8 38. axb5 Rxb5 39. Nxc4 Bd3 40. b4 Bf2 41.
Nxa5 Bxe1 42. Bxe1 Rd5 43. Rc1 Kd7 44. Nb7 Ra2+ 45. Kg3 Ke8 46. Nc5 Ra7 47. Bf2
Rf7 48. c4 Bxc4 49. Rxc4 g5 50. Ne6 Rd3+ 51. Kg2 Rd2 52. Nc7+ Kd7 53. Rd4 Rxd4
54. Bxd4 gxf4 55. e6+ 1-0

[Event "XI Open A Primavera"]
[Site "Robecchetto con Induno ITA"]
[Date "2014.05.08"]
[Round "4"]
[White "Ruggeri, Igor"]
[Black "Santarelli, Sabatino"]
[WhiteElo "1622"]
[BlackElo "1652"]
[Result "1/2-1/2"]
[PlyCount "117"]
[EventDate "2014.04.10"]

1. d4 d5 2. c4 c6 3. Nf3 Nf6 4. e3 Bg4 5. Nc3 e6 6. Bd3 Bb4 7. a3 Bxc3+ 8. bxc3
Nbd7 9. Rb1 Qc7 10. O-O h6 11. Bb2 O-O 12. cxd5 exd5 13. h3 Be6 14. Qc2 c5 15.
Rfe1 c4 16. Bf5 Bxf5 17. Qxf5 Rfe8 18. Nd2 Ne4 19. Nxe4 dxe4 20. Qb5 a6 21. Qa4
b5 22. Qc2 Nf6 23. a4 Rab8 24. Ba3 Nd5 25. axb5 axb5 26. Bc5 Rb7 27. Ra1 b4 28.
cxb4 Nxb4 29. Qxc4 Nd3 30. Reb1 Rxb1+ 31. Rxb1 Rc8 32. Rb5 Ra8 33. Rb1 Ra5 34.
Qd5 Nxc5 35. dxc5 Rxc5 36. Qxe4 Rc1+ 37. Rxc1 Qxc1+ 38. Kh2 Qc7+ 39. g3 g6 40.
Kg2 Kg7 41. Kf3 Qd7 42. g4 Qd1+ 43. Kg3 Qg1+ 44. Qg2 Qd1 45. Qf3 Qg1+ 46. Kf4
Qc1 47. Qe4 g5+ 48. Ke5 Qb2+ 49. Kd6 Qxf2 50. Qe5+ Qf6+ 51. Kd5 Qxe5+ 52. Kxe5
Kg6 53. Ke4 f6 54. Kf3 h5 55. e4 h4 56. Ke3 Kf7 57. Kd4 Ke6 58. Kd3 Ke5 59. Ke3
1/2-1/2

[Event "XI Open A Primavera"]
[Site "Robecchetto con Induno ITA"]
[Date "2014.05.08"]
[Round "4"]
[White "Rutigliano, Cesare"]
[Black "De Regibus, Giuseppe"]
[WhiteElo "1657"]
[BlackElo "1620"]
[Result "1-0"]
[PlyCount "63"]
[EventDate "2014.04.10"]

1. e4 c5 2. Nc3 Nc6 3. f4 e6 4. Nf3 a6 5. b3 g6 6. Bb2 Bg7 7. a4 Nge7 8. Rb1
O-O 9. Ne2 d5 10. Bxg7 Kxg7 11. e5 Nf5 12. c3 d4 13. g4 Nh4 14. Ng3 Nxf3+ 15.
Qxf3 Ne7 16. Ne4 Bd7 17. Qh3 Bc6 18. Nf6 Rh8 19. Rg1 dxc3 20. dxc3 Nd5 21. g5
h5 22. gxh6+ Rxh6 23. Qg3 Nxf6 24. exf6+ Qxf6 25. Rd1 Rh4 26. f5 Re4+ 27. Be2
exf5 28. Rd6 Qe7 29. Rxg6+ fxg6 30. Qxg6+ Kh8 31. Qh6+ Qh7 32. Qf6+ 1-0